[Event "FICGS class C 000348 email"]
[Site "FICGS email"]
[Date "2021.12.14"]
[Round "1"]
[White "Detchin, Yra"]
[Black "Pinkall Pollei, Rich"]
[Result "1/2-1/2"]
[WhiteElo "1821"]
[BlackElo "1938"]
[PlyCount "53"]
[EventDate "2021.??.??"]
[EventType "tourn (corr)"]
[EventRounds "1"]
[SourceTitle "Corr 2024"]
[Source "ChessBase"]
[SourceDate "2023.10.19"]
[SourceVersion "1"]
[SourceVersionDate "2023.10.19"]
[SourceQuality "1"]

1. e4 e5 2. Nf3 Nc6 3. Bb5 a6 4. Ba4 Nf6 5. 0-0 Be7 6. Re1 b5 7. Bb3 d6 8. c3 0-0 9. h3 Bb7 10. d4 Re8 11. Nbd2 Bf8 12. a4 h6 13. d5 Nb8 14. c4 bxc4 15. Bxc4 c6 16. dxc6 Bxc6 17. b3 Bb7 18. Ba3 Nbd7 19. Nh4 d5 20. exd5 Bxa3 21. Rxa3 Nxd5 22. Ne4 Qxh4 23. Bxd5 Bxd5 24. Qxd5 Nf6 25. Nxf6+ Qxf6 26. b4 Rad8 27. Qa2 1/2-1/2

[Event "FICGS class C 000348 email"]
[Site "FICGS email"]
[Date "2021.12.14"]
[Round "1"]
[White "Pinkall Pollei, Rich"]
[Black "Armstrong, Keith"]
[Result "1/2-1/2"]
[WhiteElo "1938"]
[BlackElo "2011"]
[PlyCount "129"]
[EventDate "2021.??.??"]
[EventType "tourn (corr)"]
[EventRounds "1"]
[SourceTitle "Corr 2024"]
[Source "ChessBase"]
[SourceDate "2023.10.19"]
[SourceVersion "1"]
[SourceVersionDate "2023.10.19"]
[SourceQuality "1"]

1. e4 e5 2. Nf3 Nc6 3. Bc4 Bc5 4. c3 Nf6 5. d3 0-0 6. 0-0 d6 7. Nbd2 a5 8. Re1 Be6 9. Bb5 Qb8 10. Nf1 Qa7 11. Be3 Bxe3 12. Nxe3 Ne7 13. Ba4 Ng6 14. Bc2 a4 15. d4 b5 16. a3 h6 17. h3 Qb7 18. Nh2 Rad8 19. Qf3 c5 20. d5 Bc8 21. c4 bxc4 22. Rab1 Nh7 23. Qe2 Bd7 24. Nhf1 Bb5 25. g3 Ne7 26. h4 Qa6 27. Qd2 Nf6 28. Qc3 Nd7 29. Rbd1 Rb8 30. Nd2 Nb6 31. f4 exf4 32. gxf4 f5 33. Re2 Rf7 34. Rg2 Qb7 35. Ndf1 Bd7 36. Ng3 Kh8 37. Rdd2 Rg8 38. Bb1 Bc8 39. Qc2 Rgf8 40. h5 Qb8 41. Rgf2 Bd7 42. Rd1 Qd8 43. Re2 Qb8 44. Ng2 Re8 45. Rde1 Qd8 46. Ne3 Rg8 47. Rg2 Re8 48. Rge2 Kg8 49. Qd1 Qa8 50. Ngxf5 Nxf5 51. exf5 Kf8 52. f6 Rxf6 53. Qd2 Qd8 54. Qc2 Rxe3 55. Rxe3 Rxf4 56. Qg2 Rg4 57. Rg3 Qh4 58. Rf1+ Kg8 59. Rxg4 Bxg4 60. Bh7+ Kxh7 61. Qe4+ Kg8 62. Qe8+ Kh7 63. Qg6+ Kg8 64. Qf7+ Kh7 65. Qg6+ 1/2-1/2

[Event "FICGS class C 000230 email"]
[Site "FICGS email"]
[Date "2016.01.04"]
[Round "1"]
[White "Pinkall Pollei, Rich"]
[Black "Jacon, Marcel"]
[Result "1-0"]
[WhiteElo "1900"]
[BlackElo "1628"]
[PlyCount "131"]
[EventDate "2016.??.??"]
[EventType "tourn (corr)"]
[EventRounds "4"]
[SourceTitle "Corr 2022"]
[Source "ChessBase"]
[SourceDate "2021.10.24"]
[SourceVersion "1"]
[SourceVersionDate "2021.10.24"]
[SourceQuality "1"]

1. e4 e5 2. Nf3 Nf6 3. Nxe5 Qe7 4. d4 Nc6 5. Nxc6 Qxe4+ 6. Be2 dxc6 7. 0-0 Be6 8. Nc3 Qh4 9. Bf3 0-0-0 10. Be3 Kb8 11. g3 Qh3 12. Re1 h5 13. Bg2 Qf5 14. h4 Bc5 15. Bf1 Bb6 16. Na4 Ng4 17. c3 Nxe3 18. Rxe3 g5 19. Nxb6 cxb6 20. Re5 Qxe5 21. dxe5 Rxd1 22. Rxd1 Rg8 23. Rd4 Bxa2 24. Bc4 Bxc4 25. Rxc4 a5 26. Kg2 Kc7 27. Re4 b5 28. hxg5 Rxg5 29. f4 Rg8 30. Kf3 a4 31. e6 fxe6 32. Rxe6 Rd8 33. f5 c5 34. Re5 Kc6 35. Kf4 b4 36. cxb4 cxb4 37. f6 Ra8 38. Kg5 Rg8+ 39. Kh6 Rxg3 40. Rf5 Rg8 41. f7 Rd8 42. Re5 a3 43. b3 Kd7 44. Rd5+ Ke6 45. Rxd8 Kxf7 46. Kxh5 Ke7 47. Rd1 Kf6 48. Kg4 Ke5 49. Kf3 Kf5 50. Rd5+ Ke6 51. Ke4 Kf6 52. Rb5 a2 53. Ra5 a1Q 54. Rxa1 Ke6 55. Rd1 Kf6 56. Rd6+ Ke7 57. Ke5 b6 58. Rxb6 Kf7 59. Re6 Kg7 60. Rf6 Kg8 61. Ke6 Kg7 62. Kf5 Kh7 63. Rg6 Kh8 64. Kf6 Kh7 65. Kf7 Kh8 66. Rh6# 1-0